000
00218nam a22000857a 4500
008
170608b xxu||||| |||| 00| 0 eng d
100
_9
3340
_a
Shankar. A
245
_a
Shankar
260
_a
New Delhi
_b
Children's Book Trust
_c
1984
999
_c
6659
_d
6659